[Event "Titled Tuesday intern op 17th Nov"]
[Site "Chess.com INT"]
[Date "2020.11.17"]
[Round "1"]
[White "Tay, Junior"]
[Black "Palachev, Petr"]
[Result "0-1"]
[WhiteElo "2230"]
[BlackElo "2345"]
[PlyCount "124"]
[EventDate "2020.11.17"]
[EventType "swiss (blitz)"]
[EventRounds "11"]
[EventCountry "USA"]
[SourceTitle "CBM 199 Extra"]
[Source "ChessBase"]
[SourceDate "2021.01.31"]
[SourceVersion "1"]
[SourceVersionDate "2021.01.31"]
[SourceQuality "1"]

1. e4 d6 2. Nc3 e5 3. f4 Nc6 4. Nf3 Be7 5. Bc4 Nf6 6. d3 Na5 7. Bb3 Nxb3 8. axb3 exf4 9. Bxf4 0-0 10. 0-0 c6 11. Kh1 Bg4 12. Qe1 Re8 13. Qg3 Bh5 14. Nd4 Bg6 15. Qh3 Qd7 16. Nf5 Bxf5 17. exf5 d5 18. Bg5 d4 19. Bxf6 Bxf6 20. Ne4 Be5 21. Qh4 f6 22. Rf3 Qf7 23. Raf1 a5 24. Nc5 g5 25. fxg6 hxg6 26. Ne4 f5 27. Nf2 Qf6 28. Qh3 Qh8 29. Qxh8+ Bxh8 30. Nh3 Be5 31. Ng5 Re7 32. h4 Rae8 33. g3 Bf6 34. Nh3 Re3 35. Nf4 Kf7 36. Kg2 Rxf3 37. Kxf3 Ra8 38. g4 Bxh4 39. gxf5 gxf5 40. Rh1 Bf6 41. Rh7+ Bg7 42. Nh5 Rg8 43. Nf4 Rh8 44. Rxh8 Bxh8 45. Nh5 Be5 46. Kf2 Kg6 47. Ng3 Bxg3+ 48. Kxg3 Kg5 49. Kf3 f4 50. c4 Kf5 51. c5 Ke5 52. Kf2 Kd5 53. Kf3 Kxc5 54. Kxf4 Kb4 55. Ke4 Kxb3 56. Kxd4 Kxb2 57. Kc4 a4 58. d4 a3 59. Kc5 a2 60. Kb6 a1Q 61. Kxb7 Qa4 62. d5 cxd5 0-1

[Event "Titled Tuesday intern op 17th Nov"]
[Site "Chess.com INT"]
[Date "2020.11.17"]
[Round "5"]
[White "Tay, Junior"]
[Black "Samunenkov, Igor"]
[Result "0-1"]
[WhiteElo "2230"]
[BlackElo "2142"]
[PlyCount "134"]
[EventDate "2020.11.17"]
[EventType "swiss (blitz)"]
[EventRounds "11"]
[EventCountry "USA"]
[SourceTitle "CBM 199 Extra"]
[Source "ChessBase"]
[SourceDate "2021.01.31"]
[SourceVersion "1"]
[SourceVersionDate "2021.01.31"]
[SourceQuality "1"]

1. e4 c5 2. Nf3 Nc6 3. b4 cxb4 4. d4 d5 5. exd5 Qxd5 6. c4 bxc3 7. Nxc3 Qa5 8. d5 Qxc3+ 9. Bd2 Qf6 10. dxc6 bxc6 11. Rc1 Bg4 12. Be2 Rc8 13. 0-0 Bd7 14. Ba6 Rb8 15. Bc3 Qd6 16. Qe2 Qa3 17. Ne5 Nf6 18. Rfd1 e6 19. Nc4 Qa4 20. Be5 Rd8 21. Bc7 Be7 22. Bxd8 Bxd8 23. Nd6+ Ke7 24. Bc4 Bc7 25. Bb3 Qf4 26. g3 Qg4 27. Qd2 Rd8 28. Rc4 Qg6 29. Nb7 Rb8 30. Rd4 Rxb7 31. Rxd7+ Nxd7 32. Qxd7+ Kf6 33. Qc8 Rxb3 34. axb3 Qc2 35. Qd7 Be5 36. Qd8+ Kg6 37. Qd2 Qxb3 38. Qd3+ Qxd3 39. Rxd3 a5 40. Ra3 Bc7 41. Rc3 a4 42. Rxc6 Bd8 43. Ra6 Be7 44. Rxa4 f6 45. h4 Kf7 46. Kg2 e5 47. Kf3 Ke6 48. g4 g6 49. Ra6+ Kd5 50. Ra7 Ke6 51. Ra6+ Kd5 52. h5 gxh5 53. gxh5 f5 54. Rg6 hxg6 55. hxg6 Ke6 56. Kg3 Kf6 57. g7 Kxg7 58. Kf3 Kf6 59. Ke3 Ke6 60. Kd3 Bf6 61. Kc4 e4 62. f3 Ke5 63. fxe4 fxe4 64. Kc3 Kf4+ 65. Kd2 e3+ 66. Ke2 Ke4 67. Kf1 Kd3 0-1